000 00799nas a2200265 4500
001 BR2013008853
003 BR-BrBNA
005 20231205123218.0
007 ta
008 230509b bl.|||p| |||| 00| 00por d
040 _aBR-BrBNA
_bpor
_cBiblioteca Nacional de Agricultura
041 _a(Pt)
072 _aF70
100 1 _aPereira, Z.V.
100 1 _aKinoshita, L.S.
245 1 _aRubiaceae Juss. do Parque Estadual das Várzeas do Rio Ivinhema, MS, Brasil
650 _aRUBIACEAE
650 _aCOMPOSIÇÃO BOTÂNICA
650 _aTAXONOMIA
650 _aDISTRIBUIÇÃO GEOGRÁFICA
650 _aMATO GROSSO DO SUL
773 0 _tHoehnea (Brazil)
_xISSN 0073-2877
_g(Jun 2013), v. 40(2) p. 205-251
_wBR2013008853
909 _a202311
_bLúcia
_c55
_dLúcia Elande
942 _2AGRIS
_n0
_cANA
999 _c232726
_d232726